000
00291 a2200097 4500
020
_a
9780190124755
100
_a
Arun Kumar Thiruvengadam
245
_a
Law, Justice, Society: selected works of Upendra Baxi- Constitutionalism Volume 2
260
_b
Oxford University Press
_c
2026
942
_c
OO
999
_c
116175
_d
116174